[Event "SVK-ch U16"]
[Site "Dudince"]
[Date "2023.04.19"]
[Round "5"]
[White "Rakovsky, Jakub"]
[Black "Straka, Simon"]
[Result "0-1"]
[WhiteElo "2016"]
[BlackElo "1937"]
[PlyCount "68"]
[EventDate "2023.04.16"]
[EventType "swiss"]
[EventRounds "9"]
[EventCountry "SVK"]
[SourceTitle "CBM 213 Extra"]
[Source "ChessBase"]
[SourceDate "2023.05.31"]
[SourceVersion "1"]
[SourceVersionDate "2023.05.31"]
[SourceQuality "1"]

1. e4 Nf6 2. Nc3 d5 3. exd5 Nxd5 4. Bc4 Nb6 5. Bb3 c5 6. d3 Nc6 7. Nf3 Bf5 8. Bf4 e6 9. Qe2 Be7 10. h3 h6 11. g4 Bh7 12. Ne4 Nd4 13. Nxd4 cxd4 14. Rg1 a5 15. a4 Bg6 16. Be5 f6 17. Bh2 Nd5 18. f4 Ra6 19. f5 Bf7 20. Bc4 Rb6 21. Bb5+ Kf8 22. Kf2 e5 23. b3 Nc7 24. Bc4 Bxc4 25. bxc4 Na6 26. Rgb1 Rb4 27. Qf3 Qd7 28. c3 dxc3 29. Ke2 Rxb1 30. Rxb1 Qxa4 31. Rxb7 Qa2+ 32. Kf1 c2 33. Bf4 exf4 34. Qxf4 Qb1+ 0-1

[Event "Liptovsky Jan op"]
[Site "Liptovsky Jan"]
[Date "2022.06.26"]
[Round "7"]
[White "Straka, Simon"]
[Black "Kukan, Michal"]
[Result "1-0"]
[WhiteElo "1547"]
[BlackElo "1793"]
[PlyCount "73"]
[EventDate "2022.06.23"]
[EventType "swiss"]
[EventRounds "7"]
[EventCountry "SVK"]
[SourceTitle "CBM 209 Extra"]
[Source "ChessBase"]
[SourceDate "2022.09.30"]
[SourceVersion "1"]
[SourceVersionDate "2022.09.30"]
[SourceQuality "1"]

1. d4 Nf6 2. c4 g6 3. Nc3 d5 4. cxd5 Nxd5 5. e4 Nb6 6. Be3 Bg7 7. h3 0-0 8. Nf3 N8d7 9. Qd2 Re8 10. Be2 c6 11. Rd1 Nf6 12. Ne5 Be6 13. 0-0 Nc8 14. f4 Nd6 15. Bd3 Qc7 16. f5 gxf5 17. exf5 Bd5 18. Bh6 Kh8 19. Bxg7+ Kxg7 20. Ng4 Kh8 21. Qh6 Nxg4 22. hxg4 f6 23. Qf4 Rg8 24. Rc1 Bf7 25. Kf2 Rg5 26. Rh1 Nb5 27. Qe3 Nxc3 28. bxc3 Rxg4 29. Rxh7+ Kxh7 30. Qh3+ Rh4 31. Qxh4+ Kg8 32. Rh1 Kf8 33. Qh8+ Bg8 34. Rh4 e6 35. Rg4 Qh7 36. Qxf6+ Ke8 37. fxe6 1-0

[Event "Liptovsky Jan op"]
[Site "Liptovsky Jan"]
[Date "2022.06.23"]
[Round "1.15"]
[White "Straka, Simon"]
[Black "Macka, Oto"]
[Result "0-1"]
[WhiteElo "1547"]
[BlackElo "2030"]
[PlyCount "42"]
[EventDate "2022.06.23"]
[EventType "swiss"]
[EventRounds "7"]
[EventCountry "SVK"]
[SourceTitle "CBM 209 Extra"]
[Source "ChessBase"]
[SourceDate "2022.09.30"]
[SourceVersion "1"]
[SourceVersionDate "2022.09.30"]
[SourceQuality "1"]

1. d4 f5 2. c4 Nf6 3. Nf3 g6 4. Nc3 Bg7 5. Qc2 0-0 6. g3 d6 7. Bg2 Qe8 8. b3 e5 9. dxe5 dxe5 10. Ng5 c6 11. Ba3 h6 12. Bxf8 Bxf8 13. Nf3 Bd6 14. Rd1 Bc7 15. e4 f4 16. gxf4 exf4 17. Nd4 Nbd7 18. 0-0 Ne5 19. Kh1 g5 20. Nf5 Qh5 21. h3 g4 0-1